logo

Bir Sreshtho Munshi Abdur Rouf Library
Jhenaidah Cadet College

অটোমান সাম্রাজ্যের স্বরণীয় অধ্যায় / (Record no. 11987)

MARC details
000 -LEADER
fixed length control field 00813nam a2200229 a 4500
001 - CONTROL NUMBER
JCCL Control Number 11987
003 - CONTROL NUMBER IDENTIFIER
JCCL marc code BD-JhCC
005 - DATE AND TIME OF LATEST TRANSACTION
control field 20220829134022.0
008 - FIXED-LENGTH DATA ELEMENTS--GENERAL INFORMATION
fixed length control field 210301b2018 bg |||| ||a| 000 0 ben d
020 ## - INTERNATIONAL STANDARD BOOK NUMBER
International Standard Book Number 9789848018033
035 ## - SYSTEM CONTROL NUMBER
system control number (BD-JhCC)11987
040 ## - CATALOGING SOURCE
Original cataloging agency BD-JhCC
Modifying agency BD-JhCC
041 ## - LANGUAGE CODE
Language code of Book bengali
082 ## - DEWEY DECIMAL CLASSIFICATION NUMBER
Classification number 940
Author mark and Year KHA 2018
100 ## - MAIN ENTRY--PERSONAL NAME
Personal name খান, সাহাদত হোসেন
245 ## - TITLE STATEMENT
Title অটোমান সাম্রাজ্যের স্বরণীয় অধ্যায় /
Statement of responsibility, etc সাহাদত হোসেন খান ।
260 ## - PUBLICATION, DISTRIBUTION, ETC. (IMPRINT)
Place of publication, distribution, etc ঢাকা:
Name of publisher, distributor, etc আফসার ব্রাদার্স;
Date of publication, distribution, etc ২০১৮.
300 ## - PHYSICAL DESCRIPTION
Pagination 231 p. :
Dimensions 22 cm.
650 ## - SUBJECT ADDED ENTRY--TOPICAL TERM
Topical term or geographic name as entry element Turkey
General subdivision Süleyman I, Sultan of the Turks, 1494 or 1495-1566
Geographic subdivision Sultans
942 ## - ADDED ENTRY ELEMENTS (KOHA)
Source of classification or shelving scheme Dewey Decimal Classification
Koha item type Books
Koha issues (borrowed), all copies 5
Holdings
Source of classification or shelving scheme Damaged status Not for loan Home library Current library Shelving location Date of accession Source of acquisition Cost, normal purchase price Total Checkouts Full call number Barcode Date last seen Date checked out Copy number Koha item type
Dewey Decimal Classification     JCC Rouf Library JCC Rouf Library General Stacks 03/01/2021 Lt. Gen. Mahfuzur Rahman (10th intake) 188.00 3 940 KHA 2018 16464 09/20/2022 08/29/2022 C-1 Books

JCC Library | Contacts | JCC Home

Last Update on 23 September 2017
Copyright @ 2017-2020 JCC Rouf Library
Rouf Library, Jhenidah Cadet College (JCC), Bangladesh